000 00745nam a2200241Ia 4500
003 OSt
005 20220927105459.0
006 a|||||r|||| 00| 0
007 ta
008 220926b |||||||| |||| 00| 0 eng d
024 _a170168
037 _cReference Collections
040 _aRTL
_cRTL
_beng
041 _2eng
_aeng
082 _a"X71.235. N80 - N79, L9.1/GD"
110 _aMaharastra (Government of -)
_9372814
245 0 _aBudget Memorandum 1979-80.
260 _aBombay
_bGovernment Central Press
_c1979
300 _axvi; 260p.
_ccm.
700 _aMaharastra (Government of -)
_9372815
942 _h"X71.235. N80 - N79, L9.1/GD"
_cCC
999 _c692769
_d692769